Dead by Daylight Killer Add-Ons - Part 1 - Statistics

General Stats
  • This quiz has been taken 165 times
  • The average score is 42 of 500
Answer Stats
Killer Power Add-On % Correct
The Trapper : Bear Trap Bloody Coil
67%
The Trapper : Bear Trap Iridescent Stone
61%
The Trapper : Bear Trap Padded Jaws
56%
The Shape: Evil Within Tombstone Piece
44%
The Trapper : Bear Trap Trapper Sack
44%
The Legion: Feral Frenzy Frank's Mix Tape
39%
The Legion: Feral Frenzy Iridescent Button
39%
The Huntress: Hunting Hatchets Iridescent Head
39%
The Legion: Feral Frenzy Joey's Mix Tape
39%
The Shape: Evil Within Judith's Tombstone
39%
The Shape: Evil Within Dead Rabbit
33%
The Shape: Evil Within Fragrant Tuft of Hair
33%
The Cannibal: Bubba's Chainsaw Iridescent Flesh
33%
The Doctor: Carter's Spark Iridescent King
33%
The Doctor: Carter's Spark Iridescent Queen
33%
The Shape: Evil Within Scratched Mirror
33%
The Huntress: Hunting Hatchets Soldier's Puttee
33%
The Legion: Feral Frenzy Susie's Mix Tape
33%
The Shape: Evil Within Vanity Mirror
33%
The Nightmare: Dream Demon "Z" Block
33%
The Wraith: Wailing Bell "All Seeing" - Blood
28%
The Cannibal: Bubba's Chainsaw Award-Winning Chilli
28%
The Wraith: Wailing Bell Bone Clapper
28%
The Cannibal: Bubba's Chainsaw Chilli
28%
The Hillbilly: Chainsaw Dad's Boots
28%
The Trapper : Bear Trap Honing Stone
28%
The Deathslinger: The Redeemer Iridescent Coin
28%
The Shape: Evil Within J. Myers Memorial
28%
The Legion: Feral Frenzy Julie's Mix Tape
28%
The Trapper : Bear Trap Trapper Bag
28%
The Wraith: Wailing Bell "All Seeing" - Spirit
22%
The Pig: Jigsaw's Baptism Amanda's Letter
22%
The Shape:Evil Within Blond Hair
22%
The Blight: Blighted Corruption Compound Thirty-Three
22%
The Wraith: Wailing Bell Coxcombed Clapper
22%
The Legion: Feral Frenzy Fuming Mix Tape
22%
The Blight: Blighted Corruption Iridescent Blight Tag
22%
The Hillbilly: Chainsaw Iridescent Engravings
22%
The Shape: Evil Within Jewellery
22%
The Shape: Evil Within Jewellery Box
22%
The Cannibal: Bubba's Chainsaw Knife Scratches
22%
The Shape: Evil Within Lock of Hair
22%
The Trapper : Bear Trap Makeshift Wrap
22%
The Shape: Evil Within Memorial Flower
22%
The Spirit: Yamaoka's Haunting Mother-Daughter Ring
22%
The Doctor: Carter's Spark "Order" - Class I
22%
The Doctor: Carter's Spark "Order" - Class II
22%
The Cannibal: Bubba's Chainsaw Primer Bulb
22%
The Cannibal: Bubba's Chainsaw Speed Limiter
22%
The Hillbilly: Chainsaw Spiked Boots
22%
The Cannibal: Bubba's Chainsaw The Beast's Marks
22%
The Hillbilly: Chainsaw The Thompsons' Mix
22%
The Wraith: Wailing Bell "Windstorm" - Blood
22%
The Trapper : Bear Trap 4-Coil Spring Kit
17%
The Hillbilly: Chainsaw Apex Muffler
17%
The Trapper :Bear Trap Bear Oil
17%
The Blight: Blighted Corruption Blighted Crow
17%
The Shape: Evil Within Boyfriend's Memo
17%
The Doctor:Carter's Spark "Calm" - Class I
17%
The Doctor: Carter's Spark "Calm" - Class II
17%
The Trapper : Bear Trap Coffee Grounds
17%
The Blight: Blighted Corruption Compound Seven
17%
The Pig: Jigsaw's Baptism Crate of Gears
17%
The Doctor: Carter's Spark "Discipline" - Class II
17%
The Doctor: Carter's Spark "Discipline" - Class III
17%
The Hag: Blackened Catalyst Dried Cicada
17%
The Ghost Face: Night Shroud Drop-Leg Knife Sheath
17%
The Cenobite: Summons of Pain Engineer's Fang
17%
The Legion: Feral Frenzy Filthy Blade
17%
The Huntress: Hunting Hatchets Flower Babushka
17%
The Nurse: Spencer's Last Breath Fragile Wheeze
17%
The Ghost Face: Night Shroud "Ghost Face Caught on Tape"
17%
The Huntress: Hunting Hatchets Glowing Concoction
17%
The Cenobite: Summons of Pain Iridescent Lament Configuration
17%
The Nemesis: T-Virus Iridescent Umbrella Badge
17%
The Shape: Evil Within Judith's Journal
17%
The Trapper : Bear Trap Lengthened Jaws
17%
The Demogorgon: Of the Abyss Leprose Lichen
17%
The Hillbilly: Chainsaw LoPro Chains
17%
The Hillbilly: Chainsaw Low Kickback Chains
17%
The Doctor: Carter's Spark Maple Knight
17%
The Nurse: Spencer's Last Breath Metal Spoon
17%
The Shape: Evil Within Mirror Shard
17%
The Legion: Feral Frenzy Mural Sketch
17%
The Legion: Feral Frenzy Never-Sleep Pills
17%
The Huntress: Hunting Hatchets Oak Haft
17%
The Executioner: Rites of Judgement Obsidian Goblet
17%
The Doctor: Carter's Spark "Order" - Carter's Notes
17%
The Ghost Face: Night Shroud Outdoor Security Camera
17%
The Ghost Face:Night Shroud "Philly"
17%
The Nurse: Spencer's Last Breath Plaid Flannel
17%
The Trapper : Bear Trap Rusted Jaws
17%
The Spirit: Yamaoka's Haunting Rusty Flute
17%
The Trapper : Bear Trap Serrated Jaws
17%
The Wraith: Wailing Bell "Shadow Dance" - Blood
17%
The Nemesis: T-Virus Shattered S.T.A.R.S. Badge
17%
The Wraith: Wailing Bell "Swift Hunt" - Blood
17%
The Wraith: Wailing Bell "Swift Hunt" - Mud
17%
The Wraith: Wailing Bell "Swift Hunt" - White
17%
The Shape: Evil Within Tacky Earrings
17%
The Trapper : Bear Trap Tar Bottle
17%
The Trapper : Bear Trap Tension Spring
17%
The Trapper : Bear Trap Trapper Gloves
17%
The Hillbilly: Chainsaw Tuned Carburettor
17%
The Blight: Blighted Corruption Vigo's Journal
17%
The Hag: Blackened Catalyst Waterlogged Shoe
17%
The Wraith: Wailing Bell "Windstorm" - Mud
17%
The Wraith: Wailing Bell "Windstorm" - White
17%
The Huntress: Hunting Hatchets Wooden Fox
17%
The Nurse: Spencer's Last Breath Wooden Horse
17%
The Blight: Blighted Corruption Alchemist's Ring
11%
The Nurse: Spencer's Last Breath Ataxic Respiration
11%
The Nurse: Spencer's Last Breath Bad Man Keepsake
11%
The Nurse: Spencer's Last Breath "Bad Man's" Last Breath
11%
The Pig: Jigsaw's Baptism Bag of Gears
11%
The Demogorgon: Of the Abyss Barb's Glasses
11%
The Cannibal: Bubba's Chainsaw | The Hillbilly: Chainsaw Begrimed Chains
11%
The Huntress: Hunting Hatchets Begrimed Head
11%
The Legion: Feral Frenzy BFFs
11%
The Nightmare: Dream Demon Black Box
11%
The Demogorgon:Of the Abyss Black Heart
11%
The Blight: Blighted Corruption Blighted Rat
11%
The Wraith: Wailing Bell "Blind Warrior" - White
11%
The Nightmare: Dream Demon Blue Dress
11%
The Hag:Blackened Catalyst Bog Water
11%
The Doctor: Carter's Spark "Calm" - Carter's Notes
11%
The Nurse: Spencer's Last Breath Campbell's Last Breath
11%
The Nurse: Spencer's Last Breath Catatonic Boy's Treasure
11%
The Hillbilly: Chainsaw Clogged Intake
11%
The Pig:Jigsaw's Baptism Combat Straps
11%
The Hag: Blackened Catalyst Dead Fly Mud
11%
The Doctor: Carter's Spark "Discipline" - Carter's Notes
11%
The Hag: Blackened Catalyst Dragonfly Wings
11%
The Ghost Face: Night Shroud Driver's License
11%
The Legion: Feral Frenzy Etched Ruler
11%
The Trapper : Bear Trap Fastening Tools
11%
The Hillbilly: Chainsaw Filthy Slippers
11%
The Nightmare:Dream Demon Garden Rake
11%
The Shape: Evil Within Glass Fragment
11%
The Cannibal: Bubba's Chainsaw Grisly Chains
11%
The Shape: Evil Within Hair Bow
11%
The Shape: Evil Within Hair Brush
11%
The Hag: Blackened Catalyst Half Eggshell
11%
The Nurse: Spencer's Last Breath Heavy Panting
11%
The Huntress: Hunting Hatchets Infantry Belt
11%
The Trickster: Showstopper Iridescent Photocard
11%
The Plague: Vile Purge Iridescent Seal
11%
The Nurse: Spencer's Last Breath Jenner's Last Breath
11%
The Pig: Jigsaw's Baptism Jigsaw's Annotated Plan
11%
The Nemesis: T-Virus Jill's Sandwich
11%
The Cannibal: Bubba's Chainsaw Light Chassis
11%
The Oni: Yamaoka's Wrath Lion Fang
11%
The Nemesis: T-Virus Marvin's Blood
11%
The Nurse: Spencer's Last Breath Matchbox
11%
The Hag: Blackened Catalyst Mint Rag
11%
The Legion: Feral Frenzy Mischief List
11%
The Doctor: Carter's Spark Mouldy Electrode
11%
The Hillbilly: Chainsaw Off-Brand Motor Oil
11%
The Trapper : Bear Trap Oily Coil
11%
The Ghost Face: Night Shroud Olsen's Wallet
11%
The Cenobite: Summons of Pain Original Pain
11%
The Blight: Blighted Corruption Placebo Tablet
11%
The Hag: Blackened Catalyst Powdered Eggshell
11%
The Hag: Blackened Catalyst Pussy Willow Catkins
11%
The Demogorgon: Of the Abyss Red Moss
11%
The Nightmare: Dream Demon Red Paint Brush
11%
The Shape: Evil Within Reflective Fragment
11%
The Doctor: Carter's Spark "Restraint" - Class II
11%
The Doctor: Carter's Spark "Restraint" - Class III
11%
The Huntress: Hunting Hatchets Rose Root
11%
The Cannibal: Bubba's Chainsaw Rusted Chains
11%
The Huntress: Hunting Hatchets Rusty Head
11%
The Trapper : Bear Trap Secondary Coil
11%
The Wraith: Wailing Bell "Shadow Dance" - White
11%
The Blight: Blighted Corruption Shredded Notes
11%
The Hillbilly: Chainsaw Steel Toe Boots
11%
The Blight: Blighted Corruption Summoning Stone
11%
The Wraith: Wailing Bell "The Ghost" - Soot
11%
The Cannibal: Bubba's Chainsaw The Grease
11%
The Nurse: Spencer's Last Breath Torn Bookmark
11%
The Nightmare: Dream Demon Unicorn Block
11%
The Cannibal: Bubba's Chainsaw Vegetable Oil
11%
The Clown: The Afterpiece Tonic VHS P**n
11%
The Ghost Face: Night Shroud Victim's Detailed Routine
11%
The Ghost Face: Night Shroud Walleye's Matchbook
11%
The Trapper : Bear Trap Wax Brick
11%
The Blight: Blighted Corruption Adrenaline Vial
6%
The Pig: Jigsaw's Baptism Amanda's Secret
6%
The Huntress:Hunting Hatchets Amanita Toxin
6%
The Nurse: Spencer's Last Breath Anxious Gasp
6%
The Huntress: Hunting Hatchets Bandaged Haft
6%
The Deathslinger: The Redeemer Barbed Wire
6%
The Deathslinger: The Redeemer Bayshore's Cigar
6%
The Cenobite:Summons of Pain Bent Nail
6%
The Plague: Vile Purge Black Incense
6%
The Executioner:Rites of Judgement Black Strap
6%
The Wraith: Wailing Bell "Blind Warrior" - Mud
6%
The Wraith: Wailing Bell "Blink" - Mud
6%
The Wraith: Wailing Bell "Blink" - White
6%
The Hag: Blackened Catalyst Bloodied Mud
6%
The Hag: Blackened Catalyst Bloodied Water
6%
The Clown: The Afterpiece Tonic Bottle of Chloroform
6%
The Executioner: Rites of Judgement Burning Man Painting
6%
The Cannibal: Bubba's Chainsaw Carburettor Tuning Guide
6%
The Nightmare: Dream Demon Cat Block
6%
The Cannibal:Bubba's Chainsaw Chainsaw File
6%
The Cenobite: Summons of Pain Chatterer's Tooth
6%
The Ghost Face: Night Shroud Cheap Cologne
6%
The Ghost Face: Night Shroud Chewed Pen
6%
The Blight:Blighted Corruption Chipped Monocle
6%
The Clown: The Afterpiece Tonic Cigar Box
6%
The Ghost Face: Night Shroud Cinch Straps
6%
The Nightmare: Dream Demon Class Photo
6%
The Huntress: Hunting Hatchets Coarse Stone
6%
The Blight: Blighted Corruption Compound Twenty-One
6%
The Hillbilly:Chainsaw Counterweight
6%
The Hillbilly: Chainsaw Cracked Primer Bulb
6%
The Hag: Blackened Catalyst Cracked Turtle Egg
6%
The Hag: Blackened Catalyst Cypress Necklet
6%
The Nurse: Spencer's Last Breath Dark Cincture
6%
The Huntress: Hunting Hatchets Deerskin Gloves
6%
The Legion: Feral Frenzy Defaced Smiley Pin
6%
The Nemesis: T-Virus Depleted Ink Ribbon
6%
The Cannibal: Bubba's Chainsaw Depth Gauge Rake
6%
The Hillbilly: Chainsaw Discarded Air Filter
6%
The Hag: Blackened Catalyst Disfigured Ear
6%
The Nurse: Spencer's Last Breath Dull Bracelet
6%
The Demogorgon: Of the Abyss Eleven's Soda
6%
The Clown: The Afterpiece Tonic Flask of Bleach
6%
The Cenobite: Summons of Pain Flickering Television
6%
The Twins: Blood Bond Forest Stew
6%
The Blight: Blighted Corruption Foxglove
6%
The Legion:Feral Frenzy Friendship Bracelet
6%
The Hag: Blackened Catalyst Grandma's Heart
6%
The Hillbilly: Chainsaw Greased Throttle
6%
The Cenobite: Summons of Pain Greasy Black Lens
6%
The Nightmare: Dream Demon Green Dress
6%
The Ghost Face: Night Shroud Headline Cut-Outs
6%
The Deathslinger: The Redeemer Hellshire Iron
6%
The Hillbilly: Chainsaw High-Speed Idler Screw
6%
The Doctor: Carter's Spark High Stimulus Electrode
6%
The Cannibal: Bubba's Chainsaw Homemade Muffler
6%
The Cenobite: Summons of Pain Impaling Wire
6%
The Oni: Yamaoka's Wrath Ink Lion
6%
The Doctor: Carter's Spark Interview Tape
6%
The Oni: Yamaoka's Wrath Iridescent Family Crest
6%
The Executioner: Rites of Judgement Iridescent Seal of Metatron
6%
The Pig: Jigsaw's Baptism Jigsaw's Sketch
6%
The Pig: Jigsaw's Baptism John's Medical File
6%
The Nurse: Spencer's Last Breath Kavanagh's Last Breath
6%
The Spirit: Yamaoka's Haunting Kintsugi Teacup
6%
The Ghost Face: Night Shroud Knife Belt Clip
6%
The Cenobite: Summons of Pain Larry's Blood
6%
The Cenobite: Summons of Pain Larry's Remains
6%
The Ghost Face: Night Shroud Lasting Perfume
6%
The Pig: Jigsaw's Baptism Last Will
6%
The Ghost Face: Night Shroud Leather Knife Sheath
6%
The Huntress: Hunting Hatchets Leather Loop
6%
The Nemesis: T-Virus Licker Tongue
6%
The Demogorgon: Of the Abyss Lifeguard Whistle
6%
The Cannibal: Bubba's Chainsaw Long Guide Bar
6%
The Huntress: Hunting Hatchets Manna Grass Braid
6%
The Ghost Face: Night Shroud Marked Map
6%
The Demogorgon: Of the Abyss Mews' Guts
6%
The Nemesis: T-Virus Mikhail's Eye
6%
The Executioner: Rites of Judgement Misty Day, Remains of Judgement
6%
The Ghost Face: Night Shroud Night Vision Monocular
6%
The Ghost Face: Night Shroud Olsen's Address Book
6%
The Ghost Face: Night Shroud Olsen's Journal
6%
The Clown: The Afterpiece Tonic Party Bottle
6%
The Blight: Blighted Corruption Plague Bile
6%
The Nemesis: T-Virus Plant 43 Vines
6%
The Nurse: Spencer's Last Breath Pocket Watch
6%
The Doctor: Carter's Spark Polished Electrode
6%
The Hillbilly: Chainsaw Ragged Engine
6%
The Demogorgon: Of the Abyss Rat Tail
6%
The Clown: The Afterpiece Tonic Redhead's Pinkie Finger
6%
The Oni: Yamaoka's Wrath Renjiro's Bloody Glove
6%
The Doctor: Carter's Spark "Restraint" - Carter's Notes
6%
The Hag: Blackened Catalyst Rope Necklet
6%
The Blight: Blighted Corruption Rose Tonic
6%
The Demogorgon: Of the Abyss Rotten Pumpkin
6%
The Pig: Jigsaw's Baptism Rules Set No.2
6%
The Hag: Blackened Catalyst Rusty Shackles
6%
The Hag: Blackened Catalyst Scarred Hand
6%
The Doctor: Carter's Spark Scrapped Tape
6%
The Legion: Feral Frenzy Scratched Ruler
6%
The Nemesis: T-Virus Serotonin Injector
6%
The Plague: Vile Purge Severed Toe
6%
The Nightmare: Dream Demon Sheep Block
6%
The Huntress: Hunting Hatchets Shiny Pin
6%
The Cannibal: Bubba's Chainsaw Shop Lubricant
6%
The Cenobite: Summons of Pain Skewered Rat
6%
The Legion: Feral Frenzy Smiley Face Pin
6%
The Cannibal: Bubba's Chainsaw Spark Plug
6%
The Nurse: Spencer's Last Breath Spasmodic Breath
6%
The Oni: Yamaoka's Wrath Splintered Hull
6%
The Legion: Feral Frenzy Stab Wounds Study
6%
The Legion: Feral Frenzy Stolen Sketch Book
6%
The Legion: Feral Frenzy Stylish Sunglasses
6%
The Hag: Blackened Catalyst Swamp Orchid Necklet
6%
The Pig: Jigsaw's Baptism Tampered Timer
6%
The Ghost Face: Night Shroud Telephoto Lens
6%
The Wraith:Wailing Bell "The Beast" - Soot
6%
The Wraith: Wailing Bell "The Hound" - Soot
6%
The Legion: Feral Frenzy The Legion Pin
6%
The Hillbilly: Chainsaw Thermal Casing
6%
The Wraith: Wailing Bell "The Serpent" - Soot
6%
The Deathslinger: The Redeemer Tin Oil Can
6%
The Cenobite: Summons of Pain Torture Pillar
6%
The Twins: Blood Bond Toy Sword
6%
The Trickster: Showstopper Trick Blades
6%
The Nemesis: T-Virus T-Virus Sample
6%
The Blight: Blighted Corruption Umbra Salts
6%
The Huntress: Hunting Hatchets Venomous Concoction
6%
The Pig: Jigsaw's Baptism Video Tape
6%
The Deathslinger: The Redeemer Warden's Keys
6%
The Executioner: Rites of Judgement Wax Doll
6%
The Huntress: Hunting Hatchets Weighted Head
6%
The Nurse: Spencer's Last Breath White Nit Comb
6%
The Hag: Blackened Catalyst Willow Wreath
6%
The Spirit: Yamaoka's Haunting Yakuyoke Amulet
6%
The Huntress: Hunting Hatchets Yellowed Cloth
6%
The Nemesis: T-Virus Zombie Heart
6%
The Nemesis: T-Virus Admin Wristband
0%
The Nemesis: T-Virus Adrenaline Injector
0%
The Oni: Yamaoka's Wrath Akito's Crutch
0%
The Plague: Vile Purge Ashen Apple
0%
The Twins: Blood Bond Baby Teeth
0%
The Deathslinger: The Redeemer Bayshore's Gold Tooth
0%
The Oni:Yamaoka's Wrath Blackened Toenail
0%
The Plague: Vile Purge Blessed Apple
0%
The Twins: Blood Bond Bloody Black Hood
0%
The Trickster: Showstopper Bloody Boa
0%
The Oni: Yamaoka's Wrath Bloody Sash
0%
The Demogorgon: Of the Abyss Brass Case Lighter
0%
The Nemesis:T-Virus Brian's Intestine
0%
The Nemesis: T-Virus Broken Recovery Coin
0%
The Cenobite: Summons of Pain Burning Candle
0%
The Trickster: Showstopper Caged Heart Shoes
0%
The Blight: Blighted Corruption Canker Thorn
0%
The Twins:Blood Bond Cat Figurine
0%
The Twins: Blood Bond Cat's Eye
0%
The Twins: Blood Bond Ceremonial Candelabrum
0%
The Clown: The Afterpiece Tonic Cheap Gin Bottle
0%
The Deathslinger: The Redeemer Chewing Tobacco
0%
The Oni: Yamaoka's Wrath Child's Wooden Sword
0%
The Oni: Yamaoka's Wrath Chipped Saihai
0%
The Executioner: Rites of Judgement Cinderella Music Box
0%
The Executioner: Rites of Judgement Copper Ring
0%
The Oni: Yamaoka's Wrath Cracked Sakazuki
0%
The Executioner: Rites of Judgement Crimson Ceremony Book
0%
The Trickster: Showstopper Cut Thru U Single
0%
The Nemesis: T-Virus Damaged Syringe
0%
The Executioner: Rites of Judgement Dead Butterfly
0%
The Trickster: Showstopper Death Throes Compilation
0%
The Demogorgon: Of the Abyss Deer Lung
0%
The Plague: Vile Purge Devotee's Amulet
0%
The Trickster: Showstopper Diamond Cufflinks
0%
The Spirit: Yamaoka's Haunting Dried Cherry Blossom
0%
The Twins: Blood Bond Drop of Perfume
0%
The Trickster: Showstopper Edge of Revival Album
0%
The Plague: Vile Purge Emetic Potion
0%
The Clown: The Afterpiece Tonic Ether 15 Vol%
0%
The Plague: Vile Purge Exorcism Amulet
0%
The Pig: Jigsaw's Baptism Face Mask
0%
The Clown:The Afterpiece Tonic Fingerless Parade Gloves
0%
The Trickster: Showstopper Fizz-Spin Soda
0%
The Executioner: Rites of Judgement Forgotten Videotape
0%
The Cenobite: Summons of Pain Frank's Heart
0%
The Spirit: Yamaoka's Haunting Furin
0%
The Clown: The Afterpiece Tonic Garish Make-Up Kit
0%
The Spirit:Yamaoka's Haunting Gifted Bamboo Comb
0%
The Deathslinger: The Redeemer Gold Creek Whiskey
0%
The Plague: Vile Purge Haematite Seal
0%
The Plague:Vile Purge Healing Salve
0%
The Deathslinger: The Redeemer Honey Locust Thorn
0%
The Plague: Vile Purge Incensed Ointment
0%
The Plague: Vile Purge Infected Emetic
0%
The Trickster: Showstopper Inferno Wires
0%
The Pig: Jigsaw's Baptism Interlocking Razor
0%
The Twins: Blood Bond Iridescent Pendant
0%
The Deathslinger: The Redeemer Jaw Smasher
0%
The Trickster: Showstopper Ji-Woon's Autograph
0%
The Nightmare: Dream Demon Jump Rope
0%
The Spirit: Yamaoka's Haunting Juniper Bonsai
0%
The Spirit: Yamaoka's Haunting Kaiun Talisman
0%
The Oni: Yamaoka's Wrath Kanai-Anzen Talisman
0%
The Spirit: Yamaoka's Haunting Katana Tsuba
0%
The Clown: The Afterpiece Tonic Kerosene Can
0%
The Nightmare: Dream Demon Kid's Drawing
0%
The Trickster: Showstopper Killing Part Chords
0%
The Executioner: Rites of Judgement Lead Ring
0%
The Cenobite: Summons of Pain Leather Strip
0%
The Executioner: Rites of Judgement Leopard-Print Fabric
0%
The Plague: Vile Purge Limestone Seal
0%
The Cenobite: Summons of Pain Liquified Gore
0%
The Cenobite: Summons of Pain Lively Crickets
0%
The Executioner: Rites of Judgement Lost Memories Book
0%
The Trickster: Showstopper Lucky Blade
0%
The Twins: Blood Bond Madeleine's Glove
0%
The Twins: Blood Bond Madeleine's Scarf
0%
The Executioner: Rites of Judgement Mannequin Foot
0%
The Deathslinger: The Redeemer Marshal's Badge
0%
The Trickster: Showstopper Melodious Murder
0%
The Trickster: Showstopper Memento Blades
0%
The Deathslinger:The Redeemer Modified Ammo Belt
0%
The Spirit: Yamaoka's Haunting Mother's Glasses
0%
The Spirit: Yamaoka's Haunting Muddy Sports Day Cap
0%
The Nightmare: Dream Demon Nancy's Masterpiece
0%
The Nightmare: Dream Demon Nancy's Sketch
0%
The Nemesis: T-Virus Ne-α Parasite
0%
The Plague: Vile Purge Olibanum Incense
0%
The Trickster: Showstopper On Target Single
0%
The Spirit: Yamaoka's Haunting Origami Crane
0%
The Nightmare: Dream Demon Outdoor Rope
0%
The Nightmare: Dream Demon Paint Thinner
0%
The Oni: Yamaoka's Wrath Paper Lantern
0%
The Nightmare: Dream Demon Pill Bottle
0%
The Deathslinger: The Redeemer Poison Oak Leaves
0%
The Oni: Yamaoka's Wrath Polished Maedate
0%
The Plague: Vile Purge Potent Tincture
0%
The Plague: Vile Purge Prayer Tablet Fragment
0%
The Deathslinger: The Redeemer Prison Chain
0%
The Plague: Vile Purge Prophylactic Amulet
0%
The Nightmare: Dream Demon Prototype Claws
0%
The Blight: Blighted Corruption Pustula Dust
0%
The Demogorgon: Of the Abyss Rat Liver
0%
The Pig: Jigsaw's Baptism Razor Wires
0%
The Deathslinger: The Redeemer Rickety Chain
0%
The Spirit: Yamaoka's Haunting Rin's Broken Watch
0%
The Trickster: Showstopper Ripper Brace
0%
The Clown: The Afterpiece Tonic Robin Feather
0%
The Demogorgon: Of the Abyss Rotten Green Tripe
0%
The Oni: Yamaoka's Wrath Rotting Rope
0%
The Plague: Vile Purge Rubbing Oil
0%
The Executioner: Rites of Judgement Rust-Coloured Egg
0%
The Twins: Blood Bond Rusted Needle
0%
The Deathslinger: The Redeemer Rusted Spike
0%
The Pig: Jigsaw's Baptism Rusty Attachments
0%
The Oni: Yamaoka's Wrath Scalped Topknot
0%
The Executioner: Rites of Judgement Scarlet Egg
0%
The Spirit: Yamaoka's Haunting Senko Hanabi
0%
The Twins: Blood Bond Sewer Sludge
0%
The Pig: Jigsaw's Baptism Shattered Syringe
0%
The Oni: Yamaoka's Wrath Shattered Wakizashi
0%
The Spirit: Yamaoka's Haunting Shiawase Amulet
0%
The Twins: Blood Bond Silencing Cloth
0%
The Cenobite: Summons of Pain Slice of Frank
0%
The Pig: Jigsaw's Baptism Slow-Release Toxin
0%
The Clown: The Afterpiece Tonic Smelly Inner Soles
0%
The Deathslinger: The Redeemer Snake Oil
0%
The Clown: The Afterpiece Tonic Solvent Jug
0%
The Blight: Blighted Corruption Soul Chemical
0%
The Twins: Blood Bond Soured Milk
0%
The Executioner: Rites of Judgement Spearhead
0%
The Twins: Blood Bond Spinning Top
0%
The Clown: The Afterpiece Tonic Spirit of Hartshorn
0%
The Deathslinger: The Redeemer Spit Polish Rag
0%
The Cenobite: Summons of Pain Spoiled Meal
0%
The Twins: Blood Bond Stale Biscuit
0%
The Clown: The Afterpiece Tonic Starling Feather
0%
The Nemesis: T-Virus S.T.A.R.S. Field Combat Manual
0%
The Demogorgon: Of the Abyss Sticky Lining
0%
The Clown: The Afterpiece Tonic Sticky Soda Bottle
0%
The Clown: The Afterpiece Tonic Sulphuric Acid Vial
0%
The Nightmare: Dream Demon Swing Chains
0%
The Executioner: Rites of Judgement Tablet of the Oppressor
0%
The Clown: The Afterpiece Tonic Tattoo's Middle Finger
0%
The Oni: Yamaoka's Wrath Tear-Soaked Tenugui
0%
The Trickster: Showstopper Tequila Moonrock
0%
The Clown: The Afterpiece Tonic Thick Cork Stopper
0%
The Demogorgon: Of the Abyss Thorny Vines
0%
The Twins: Blood Bond Tiny Fingernail
0%
The Trickster: Showstopper Trick Pouch
0%
The Nemesis: T-Virus Tyrant Gore
0%
The Spirit: Yamaoka's Haunting Uchiwa
0%
The Demogorgon: Of the Abyss Unknown Egg
0%
The Demogorgon: Of the Abyss Upside Down Resin
0%
The Pig: Jigsaw's Baptism Utility Blades
0%
The Executioner: Rites of Judgement Valtiel Sect Photograph
0%
The Demogorgon: Of the Abyss Vermilion Webcap
0%
The Twins: Blood Bond Victor's Soldier
0%
The Plague: Vile Purge Vile Emetic
0%
The Demogorgon: Of the Abyss Violet Waxcap
0%
The Demogorgon: Of the Abyss Viscous Webbing
0%
The Nemesis: T-Virus Visitor Wristband
0%
The Trickster: Showstopper Waiting For You Watch
0%
The Spirit: Yamaoka's Haunting Wakizashi Saya
0%
The Deathslinger: The Redeemer Wanted Poster
0%
The Twins: Blood Bond Weighty Rattle
0%
The Spirit: Yamaoka's Haunting White Hair Ribbon
0%
The Oni: Yamaoka's Wrath Wooden Oni Mask
0%
The Nightmare: Dream Demon Wool Shirt
0%
The Pig: Jigsaw's Baptism Workshop Grease
0%
The Plague: Vile Purge Worship Tablet
0%
The Cenobite: Summons of Pain Wriggling Maggots
0%
The Oni: Yamaoka's Wrath Yamaoka Sashimono
0%
The Spirit: Yamaoka's Haunting Zōri
0%
No matching quizzes found
Score Distribution
Percent of People with Each Score
Percentile by Number Answered
Your Score History
You have not taken this quiz